| 000 | 00407pam a2200181a 44500 | ||
|---|---|---|---|
| 008 | 230405s1991 xxu||||| |||| 00| 0 eng d | ||
| 041 | _aENG | ||
| 100 | _aDougles Kramer | ||
| 245 | _aUsing Aldus pagemaker 4.0 | ||
| 250 | _a1 | ||
| 260 |
_a _bBantam Books _c1991 |
||
| 300 | _a490p,23.3cms | ||
| 440 | _a898 | ||
| 690 | _aIMRDA | ||
| 700 | _aEda Warren | ||
| 700 | _aRogr C.Parker | ||
| 906 | _a1355 | ||
| 999 |
_c254214 _d254214 |
||